Sports Quiz

Random Sports or Cricket Quiz

Top Test Cricket Run Scorers by Team Quiz Stats

 Plays Quiz Updated Jul 13, 2016

Score 0/100 Timer 10:00
4 Plays Today
% Correct
Ricky Ponting
91.6%
Sachin Tendulkar
89.3%
Graeme Smith
86.7%
Alastair Cook
85.4%
Brian Lara
82.2%
Steve Waugh
81.2%
Mark Waugh
80.8%
Rahul Dravid
79.9%
Matthew Hayden
78.9%
Jacques Kallis
78.7%
Michael Clarke
76.9%
Graham Gooch
76.7%
Younis Khan
73.3%
Kevin Pietersen
73.2%
Kumar Sangakkara
73%
Mahela Jayawardene
73%
Virat Kohli
72.3%
Allan Border
72.3%
Shivnarine Chanderpaul
72%
Mark Taylor
71.8%
Viv Richards
71.6%
Inzamam-ul-Haq
70.7%
Ross Taylor
69.9%
AB de Villiers
69.8%
Justin Langer
68.4%
Ian Bell
68%
VVS Laxman
67.4%
Hashim Amla
66.3%
Sunil Gavaskar
65.9%
Virender Sehwag
65%
Brendan Taylor
64.4%
Brendon McCullum
63.7%
David Gower
63%
Andy Flower
62.9%
% Correct
Grant Flower
62.7%
Alec Stewart
61.5%
Azhar Ali
61.5%
Sourav Ganguly
59.2%
Chris Gayle
59.2%
Mike Atherton
58.2%
Sanath Jayasuriya
57.4%
Stephen Fleming
57.4%
Geoff Boycott
56.3%
Garry Sobers
51.7%
Javed Miandad
49.6%
Shaun Pollock
48.9%
Kane Williamson
48.5%
Martin Crowe
45.7%
Mohammad Yousuf
45.1%
Gordon Greenidge
45%
Tillakaratne Dilshan
44.9%
Shakib Al Hasan
44.6%
Tamim Iqbal
44.5%
Aravinda de Silva
43.9%
David Boon
43.3%
Misbah-ul-Haq
42.6%
Clive Lloyd
42.4%
Herschelle Gibbs
41.4%
Desmond Haynes
40.9%
Daniel Vettori
39%
Greg Chappell
39%
Gary Kirsten
38.4%
Mark Boucher
37%
Richie Richardson
36%
Heath Streak
35.3%
Arjuna Ranatunga
34.2%
Nathan Astle
33.4%
Wally Hammond
32.9%
% Correct
Hansie Cronje
32.1%
Colin Cowdrey
31.5%
Mohammad Ashraful
30.8%
Angelo Mathews
29.7%
Marvan Atapattu
29%
Saeed Anwar
27.8%
Mohammad Azharuddin
27.1%
Mushfiqur Rahim
22.9%
Thilan Samaraweera
22.8%
Daryll Cullinan
22.6%
Saleem Malik
22.5%
Tatenda Taibu
21.8%
Dilip Vengsarkar
20.6%
Habibul Bashar
20%
Zaheer Abbas
19.2%
Alistair Campbell
18.3%
Mahmudullah
17.3%
John Wright
16.4%
Rohan Kanhai
14.4%
Hashan Tillakaratne
14.2%
Hamilton Masakadza
13.3%
Gundappa Viswanath
12.8%
Dave Houghton
12.2%
Guy Whittall
10.1%
Mominul Haque
9.8%
John Reid
9.7%
Javed Omar
8.6%
Imrul Kayes
8.6%
Stuart Carlisle
8.2%
Khaled Mashud
7.4%
Bev Congdon
6.7%
Mudassar Nazar
6.6%

You're not logged in!

Compare scores with friends on all Sporcle quizzes.
OR
Log In

Sporcle TV

Today on Sporcle TV


Watch our educational content, quiz creation guides, and fun videos on Sporcle TV.

Show Comments

Extras

Top Quizzes Today


Score Distribution

Your Account Isn't Verified!

In order to create a playlist on Sporcle, you need to verify the email address you used during registration. Go to your Sporcle Settings to finish the process.

Report this User

Report this user for behavior that violates our Community Guidelines.

Details: